Herrscher- und Dynastiekulte im Ptolemäerreich : (notice nᵒ 3249)
[ vue normale ]
| 000 -LEADER | |
|---|---|
| fixed length control field | 03033 a2200313 4500 |
| 001 - CONTROL NUMBER | |
| control field | OB-chbeck-1130 |
| 003 - CONTROL NUMBER IDENTIFIER | |
| control field | FrMaCLE |
| 005 - DATE AND TIME OF LATEST TRANSACTION | |
| control field | 20251214082602.0 |
| 007 - PHYSICAL DESCRIPTION FIXED FIELD--GENERAL INFORMATION | |
| fixed length control field | cu ||||||m|||| |
| 008 - FIXED-LENGTH DATA ELEMENTS--GENERAL INFORMATION | |
| fixed length control field | 140527e||||||||xx |||||s|||||||||0|de|d |
| 020 ## - INTERNATIONAL STANDARD BOOK NUMBER | |
| International Standard Book Number | 978-2-8218-4649-4 |
| 024 7# - OTHER STANDARD IDENTIFIER | |
| Standard number or code | 10.4000/books.chbeck.1130 |
| Source of number or code | doi |
| 040 ## - CATALOGING SOURCE | |
| Original cataloging agency | FR-FrMaCLE |
| 041 ## - LANGUAGE CODE | |
| Language code of text/sound track or separate title | deu |
| 100 1# - MAIN ENTRY--PERSONAL NAME | |
| Personal name | Pfeiffer, Stefan |
| 245 10 - TITLE STATEMENT | |
| Title | Herrscher- und Dynastiekulte im Ptolemäerreich : |
| Remainder of title | Systematik und Einordnung der Kultformen / |
| Statement of responsibility, etc. | Stefan Pfeiffer. |
| 260 ## - PUBLICATION, DISTRIBUTION, ETC. | |
| Place of publication, distribution, etc. | München : |
| Name of publisher, distributor, etc. | C.H.Beck, |
| Date of publication, distribution, etc. | 2014. |
| 300 ## - PHYSICAL DESCRIPTION | |
| Extent | X-180 p. |
| 500 ## - GENERAL NOTE | |
| General note | Ebook |
| 520 ## - SUMMARY, ETC. | |
| Summary, etc. | Unter der Herrschaft der makedonisch-griechischen Dynastie der Ptolemäer (323–30 v. Chr.) entstand in Ägypten eine multikulturelle Gesellschaft. Die fremden Könige ließen ihre Untertanen nach der je eigenen Fasson leben: Die zahlreichen, meist griechischen Zuwanderer stellten zwar die deutlich privilegierte Schicht, doch sorgten die Könige auch für die einheimischen Kulte und förderten die ägyptische Priesterschaft. Um aber in dieser Pluralität der Lebensformen und Religionen eine sinnstiftende Klammer zu schaffen, richtete man den Personenkult für den lebenden König ein. Ziel des Autors ist es, die verschiedenen Formen des Kultes für den König und seine Gemahlin zu beschreiben. Erstmals legt er mit dem vorliegenden Buch eine Zusammenschau der Ergebnisse der klassischen Altertumswissenschaften und der Ägyptologie vor. Hieraus ergibt sich folgende These, die gleichzeitig den Aufbau des Buches bestimmt: Es gab nicht den einen Herrscherkult, sondern verschiedene Formen des Kultes, und jeder Untertan konnte die ihm zusagende Form wählen. Einerseits bestand die Möglichkeit, den König und seine Gemahlin mit griechischen Bräuchen zu verehren. In diesem Fall ist von griechischem Herrscherkult zu sprechen. Vielfach stellte man die Verehrung des lebenden Herrscherpaares auch in den Kontext der Ahnen – es handelte sich dann um einen griechischen Dynastiekult. Die ägyptischen Priester entwickelten aus den beiden griechischen Kultmöglichkeiten spezifisch ägyptische Formen. Sie integrierten die lebenden Pharaonen als Götter in die ägyptischen Tempel; so etwas hatte es in Ägypten bis dahin noch nicht gegeben. Mittels großer Prozessionen wurde an den Herrscherfesttagen der Bevölkerung die Möglichkeit gegeben, den Kult für die Könige ebenfalls zu zelebrieren. Der von den einheimischen Priestern betriebene Herrscherkult trug also wesentlich zur Legitimation der Fremdherrschaft in Ägypten bei. Im Fließtext der Monographie wurde auf fremdsprachige ägyptische oder griechische Zitate… |
| 540 ## - TERMS GOVERNING USE AND REPRODUCTION NOTE | |
| Terms governing use and reproduction | OpenEdition Books License |
| Uniform Resource Identifier | <a href="https://www.openedition.org/12554">https://www.openedition.org/12554</a> |
| 650 #4 - SUBJECT ADDED ENTRY--TOPICAL TERM | |
| Topical term or geographic name entry element | Religion |
| Topical term or geographic name entry element | History & Archaeology |
| Topical term or geographic name entry element | Herrscherkult |
| Topical term or geographic name entry element | Ptolemäer |
| Topical term or geographic name entry element | Multikulturalismus |
| 776 ## - ADDITIONAL PHYSICAL FORM ENTRY | |
| International Standard Book Number | 978-3-406-56933-3 |
| 856 4# - ELECTRONIC LOCATION AND ACCESS | |
| Data provenance | Pfeiffer, Stefan |
| Uniform Resource Identifier | <a href="https://books.openedition.org/chbeck/1130">https://books.openedition.org/chbeck/1130</a> |
| Link text | Herrscher- und Dynastiekulte im Ptolemäerreich |
Pas d'exemplaire disponible.
